நீரளவைகள் / (Record no. 543786)

MARC details
000 -LEADER
fixed length control field 01151nam a2200337 a 4500
001 - CONTROL NUMBER
control field vtls001243390
003 - CONTROL NUMBER IDENTIFIER
control field NLI
005 - DATE AND TIME OF LATEST TRANSACTION
control field 20210603180134.0
008 - FIXED-LENGTH DATA ELEMENTS--GENERAL INFORMATION
fixed length control field 120403sஸலல ii 000 0 tam
020 ## - INTERNATIONAL STANDARD BOOK NUMBER
Terms of availability Rs. 14.50 (pbk.)
039 #9 - LEVEL OF BIBLIOGRAPHIC CONTROL AND CODING DETAIL [OBSOLETE]
-- 201204031904
-- VLOAD
040 ## - CATALOGING SOURCE
Original cataloging agency NLI
Language of cataloging teleng
Transcribing agency Datasoft_Tamil_S
Description conventions AACR2
041 0# - LANGUAGE CODE
Language code of text/sound track or separate title tam
044 ## - COUNTRY OF PUBLISHING/PRODUCING ENTITY CODE
MARC country code ii
082 04 - DEWEY DECIMAL CLASSIFICATION NUMBER
Classification number 628.1
100 1# - MAIN ENTRY--PERSONAL NAME
Linkage 880-01
Personal name துறைராசன், மு.
9 (RLIN) 129
245 10 - TITLE STATEMENT
Linkage 880-02
Title நீரளவைகள் /
Statement of responsibility, etc. மு. துறைராசன்
260 ## - PUBLICATION, DISTRIBUTION, ETC.
Place of publication, distribution, etc. சென்னை :
Name of publisher, distributor, etc. கீதா பதிப்பகம்,
Date of publication, distribution, etc. ஸலல
300 ## - PHYSICAL DESCRIPTION
Extent 187 P. ;
Dimensions 18 cm.
500 ## - GENERAL NOTE
General note Library has 1 cops.
650 #0 - SUBJECT ADDED ENTRY--TOPICAL TERM
Topical term or geographic name entry element Information storage and retrieval systems
General subdivision Environmental protection
9 (RLIN) 434220
650 #0 - SUBJECT ADDED ENTRY--TOPICAL TERM
Topical term or geographic name entry element Environmental protection
General subdivision Data processing
9 (RLIN) 434221
880 10 - ALTERNATE GRAPHIC REPRESENTATION
Linkage 245-02(B
a Nīraḷavaikaḷ /
c MḌurairāsan
880 1# - ALTERNATE GRAPHIC REPRESENTATION
Linkage 100-01(B
a Durairāsan, M
887 ## - NON-MARC INFORMATION FIELD
Content of non-MARC field G
901 ## - LOCAL DATA ELEMENT A, LDA (RLIN)
a 31999
b 19.03.1985
9 C.1
902 ## - LOCAL DATA ELEMENT B, LDB (RLIN)
a 628.1 Du 865
904 ## - LOCAL DATA ELEMENT D, LDD (RLIN)
c G
l 6532
942 ## - ADDED ENTRY ELEMENTS (KOHA)
Source of classification or shelving scheme Dewey Decimal Classification
Koha item type Books
949 ## - LOCAL PROCESSING INFORMATION (OCLC)
-- VIRTUAITEM
-- 10000
-- 100
6 DBA000031999TAM
Holdings
Withdrawn status Lost status Damaged status Not for loan Home library Current library Date acquired Total Checkouts Full call number Barcode Date last seen Price effective from Koha item type
        National Library of India National Library of India     628.1 Du 865 DBA000031999TAM 03/06/2021 03/06/2021 Books
                                                                           
web counter

Copyright ©2020 The National Library of India, Govt. of India ↔ Hosted by NVLI, MOC ↔ Technology and Design by National Library of India, Ministry of Culture, Govt. of India